000 00536cam a2200205ua 4500
001 6942
008 140723n ii |||gr||||Z||||||asm
020 _a8173393168
040 _cMAIN
082 _a301.072
100 1 _aGogoi, Chandra Kanta,
_eAuthor.
245 1 3 _aSamajik gabesana padhati
_cby Chandra Kanta Gogoi
250 _a2nd ed.
260 _aDibrugarh:
_bBanalata,
_c2012.
300 _a124p.
653 _aSociology & anthropology
653 _aSocial research methods
700 _aSaikia, Utpal,
_eAuthor.
942 _cBK
999 _c6085
_d6085